Kpop 3rd Gen Idols - Statistics

General Stats
  • This quiz has been taken 499 times
  • The average score is 15 of 40
Answer Stats
Company Answer % Correct
YG Blackpink
97%
BigHit BTS
94%
JYP TWICE
92%
SM Red Velvet
88%
Pledis Seventeen
84%
SM EXO
81%
SM NCT
75%
JYP GOT7
70%
YG iKon
68%
RBW Mamamoo
64%
Starship Monsta X
60%
YG Winner
59%
Cube Pentagon
52%
Source G-Friend
50%
Fantagio Astro
48%
MLD Momoland
41%
Cube BtoB
38%
Cube CLC
36%
Pledis Nu'Est
33%
Starship WJSN
29%
Pledis Pristin
25%
FNC AOA
22%
Happyface Dreamcatcher
22%
Jellyfish VIXX
20%
Fantagio Weki Meki
20%
Banana Culture EXID
15%
Jellyfish Gugudan
15%
Woollim Golden Child
13%
Woollim Lovelyz
13%
TS B.A.P
10%
WM Oh My Girls
8%
MBK DIA
7%
TOP Up10tion
7%
IST Victon
7%
WM ONF
5%
Chrome Crayon Pop
4%
Swing A.C.E
3%
Tricell Hello Venus
3%
Interpark Laboum
3%
Polaris Ladies Code
3%
No matching quizzes found
Score Distribution
Percent of People with Each Score
Percentile by Number Answered
Your Score History
You have not taken this quiz